000 00638nam a22002057a 4500
003 0
005 20231107124709.0
008 230814b xxu||||| |||| 00| 0 eng d
020 _a978-0-19-836998-1
050 _aTR IB Q 158.5
_b.H43 2019
100 _aHeathcote, William
245 _aMYP physical and earth science : a concept-based approach
_cWilliam Heathcote
260 _aOxford, United Kingdom
_bOxford University Press
_cc2019.
300 _avii, 241 p. :
_bcol. ill. ; 28 cm.
500 _aPhysical science.
504 _aIncludes index.
650 _aPhysical science.
650 _aEarth science.
942 _2lcc
_cBK
999 _c365147
_d365147